| 000 | 00000nam##2200000za#4500 |
| 001 | 9.697945 |
| 003 | CaOODSP |
| 005 | 20210624235715 |
| 007 | cr ||||||||||| |
| 008 | 150407|2002||||xxc|||||o f|0| 0 eng|d |
| 040 | |aCaOODSP|beng |
| 043 | |an-cn--- |
| 086 | 1 |aEn4-171/2002E-PDF |
| 110 | 1 |aCanada. |bEnvironment Canada. |bAudit and Evaluation Branch. |
| 245 | 10|aFollow-up of the financial management audit - Ontario Region |h[electronic resource] |
| 260 | |aGatineau - Quebec : |bEnvironment Canada. |cJune 2002. |
| 300 | |a11p.|btables |
| 590 | |a13-14-Supp|b2013-05-30 |
| 775 | 08|tSuivi de la vérification de la gestion financière - Région de l'Ontario |w(CaOODSP)9.641937 |
| 856 | 40|ahttp://publications.gc.ca|qPDF|s65 KB|uhttps://publications.gc.ca/collections/collection_2013/ec/En4-171-2002-eng.pdf |